000
00208 a2200097 4500
001
15154
100
_a
Harrod R.F
245
_a
International economics
260
_a
London
_b
Nisbet
_c
090
_c
11898
_d
11898
942
_a
NUST-CAE
_c
2111
_c
M
999
_c
250227
_d
250227